00437nam a22001457a 4500003000400000008004100004082001900045100001600064245011400080260004400194300000900238502001500247650002000262650000900282OSt260416b |||||||| |||| 00| 0 eng d a581.2326bJ46S aJha, Prachi aStudies on Brown Spot Disease of Boro Rice caused by Drechslera oryazae (Breda de Hann) Subhramanian and Jain aPusa, SamastipurbRAU, Samastipurc2005 a50P. bMsc.d2005 aPlant Pathology aMsc.